Score 0/23 Timer 12:00
0 Plays Today
% Correct
Peter Griffin
95.9%
Meg Griffin
91.9%
Chris Griffin
81.8%
Quahog
73%
Mayor Wesr
73%
Joe, Cleveland, Glen
72.3%
Jillian
70.9%
The vouchers he tried to give to peter were expired
70.9%
Glen
70.9%
Trisha
70.9%
Bird is the Word
70.3%
Lois
69.6%
% Correct
Time of my life
68.9%
Tom
68.9%
Lois Griffin
67.6%
Rupert
65.5%
Rupert
57.4%
Diane
53.4%
Diane Simmons
40.5%
Stephanie
39.9%
Brian
12.2%
Brian
7.4%
Stewie Griffin
6.8%
Remove Ads.
Support Sporcle.
Get the best of Sporcle when you Go Orange. This ad-free experience offers more features, more stats, and more fun while also helping to support Sporcle. Thank you for becoming a member.

You're not logged in!

Compare scores with friends on all Sporcle quizzes.
OR
Log In

Show Comments

Extras

Created Dec 31, 2012ReportNominate
Tags:Clickable Quiz, Family, Guy

Top Quizzes Today


Score Distribution

Your Account Isn't Verified!

In order to create a playlist on Sporcle, you need to verify the email address you used during registration. Go to your Sporcle Settings to finish the process.

Report this User

Report this user for behavior that violates our Community Guidelines.

Details: